| 000 | 01207nam a22003137a 4500 | ||
|---|---|---|---|
| 005 | 20170717110411.0 | ||
| 010 | _a1516EN07 ENG-114839 | ||
| 020 |
_a9789332547988 _c595.00 |
||
| 020 |
_a9789332547988 _c629.00 (AV) |
||
| 035 | _aEN-98371 | ||
| 035 | _aB-613871-886 | ||
| 035 | _aB-668053 | ||
| 037 |
_aDPL _bTechniz/Ven |
||
| 037 | _bDBAD/PUB | ||
| 082 | _a004.21 | ||
| 100 | _aKendall, Kenneth E. | ||
| 245 |
_aSystems analysis and design / _cby Kenneth E. Kendall [ and] Julie E. Kendall |
||
| 250 | _a9th ed | ||
| 260 |
_aNoida _bPearson Education _c2016 |
||
| 270 |
_a7th Floor, Knowledge Boulevard, Sector 62, _bNoida _e201309 |
||
| 300 |
_axxviii,518p. : _c28cm(pbk) _bill. |
||
| 500 | _aIncludes index | ||
| 650 | _aSystem design. | ||
| 650 | _aSystem analysis. | ||
| 700 | _aKendall, Julie E. | ||
| 942 |
_2ddc _cEN _mKEN _h004.21 |
||
| 999 |
_c95957 _d95957 |
||